<?xml version="1.0" encoding="UTF-8"?><?xml-stylesheet type="text/xsl" href="static/style.xsl"?><OAI-PMH xmlns="http://www.openarchives.org/OAI/2.0/" xmlns:xsi="http://www.w3.org/2001/XMLSchema-instance" xsi:schemaLocation="http://www.openarchives.org/OAI/2.0/ http://www.openarchives.org/OAI/2.0/OAI-PMH.xsd"><responseDate>2026-04-13T02:56:19Z</responseDate><request verb="GetRecord" identifier="oai:www.recercat.cat:2117/103051" metadataPrefix="marc">https://recercat.cat/oai/request</request><GetRecord><record><header><identifier>oai:recercat.cat:2117/103051</identifier><datestamp>2025-07-23T02:53:45Z</datestamp><setSpec>com_2072_1033</setSpec><setSpec>col_2072_452951</setSpec></header><metadata><record xmlns="http://www.loc.gov/MARC21/slim" xmlns:dcterms="http://purl.org/dc/terms/" xmlns:xsi="http://www.w3.org/2001/XMLSchema-instance" xmlns:doc="http://www.lyncode.com/xoai" xsi:schemaLocation="http://www.loc.gov/MARC21/slim http://www.loc.gov/standards/marcxml/schema/MARC21slim.xsd">
   <leader>00925njm 22002777a 4500</leader>
   <datafield ind2=" " ind1=" " tag="042">
      <subfield code="a">dc</subfield>
   </datafield>
   <datafield ind2=" " ind1=" " tag="720">
      <subfield code="a">Alís González, Oriol</subfield>
      <subfield code="e">author</subfield>
   </datafield>
   <datafield ind2=" " ind1=" " tag="260">
      <subfield code="c">2016-06</subfield>
   </datafield>
   <datafield ind2=" " ind1=" " tag="520">
      <subfield code="a">En aquest projecte es proposa dissenyar i programar un sistema a bord que fusioni les dades de posició proporcionades per un GPS diferencial, amb RTK, i les dades d'actitud d'una unitat de mesura inercial. El resultat és la posició, velocitats i acceleracions (tant lineals com angulars) del vehicle on es troben aquests sensors. La fusió de les dades es realitza mitjançant un filtre de Kalman i la seva implementació ha de ser eficient.Amb la informació proporcinoada pel sistema de fusió es dissenyarà i implementarà el control de trajectòria de la nau aprofitant els controls d'actitud i velocitat ja incorporats.</subfield>
   </datafield>
   <datafield ind2=" " ind1=" " tag="520">
      <subfield code="a">Disseny i programació del sistema de fusió de dades.Estudi de l'estat de l'art de seguiment de trajectòria.Disseny del control de trajectòria.Proves de vol i avaluació del sistema de control.</subfield>
   </datafield>
   <datafield tag="653" ind2=" " ind1=" ">
      <subfield code="a">Àrees temàtiques de la UPC::Aeronàutica i espai::Aeronaus</subfield>
   </datafield>
   <datafield tag="653" ind2=" " ind1=" ">
      <subfield code="a">Multisensor data fusion</subfield>
   </datafield>
   <datafield tag="653" ind2=" " ind1=" ">
      <subfield code="a">Drone aircraft--Control systems</subfield>
   </datafield>
   <datafield tag="653" ind2=" " ind1=" ">
      <subfield code="a">Fusió multisensorial de dades</subfield>
   </datafield>
   <datafield tag="653" ind2=" " ind1=" ">
      <subfield code="a">Avions no tripulats -- Sistemes de control</subfield>
   </datafield>
   <datafield ind2="0" ind1="0" tag="245">
      <subfield code="a">Estudi i disseny d'un sistema de fusió de dades d'actitud i posició a bord per al seguiment de trajectòries d'un UAV</subfield>
   </datafield>
</record></metadata></record></GetRecord></OAI-PMH>